00630 a2200145 4500003000500000005001700005040000900022082001500031100001900046245003600065260003800101300001000139500031800149650001700467Nust20230331090609.0 cNust a808.84,JOE aBrailsford H.N aThe Bookmark / cH.N Brailsford aLondon, bJohn Westhouse, c1945. a142:p aThe author Excuses Himself (Page-15) Jonathan Swift (page-20) Voltaire and History (Page-27) Thomas love Peacock ((Page-34) The Bronte’s (Page-40) in a Green Shade (page-51) Election in Literature (page-51) Ghosis and Ghost Stories (page-58) Thomas Hardy (Page-62) W.H. Hudson (page-68) R.L. Stevenson (page-73) aThe Bookmark